00637nam a2200181Ia 4500003000900000008004100009020001800050040001600068080001200084100002200096245008600118260004800204300001500252650002200267942000700289999001700296952014200313IN-BaIIA211028s9999 xx 000 0 eng d a0-521-52571-3 cIIA Library a52bDUR aDuric, Neb928834 0aAdvanced astrophysicscNeb Duric  aCambridgebCambridge University Pressc2004 axiv, 296p. aAstrophysics9794 cBK c15639d15639 00104070aBANbBANcGENd2004-03-22eEDS g2522.39l2o52/ DURp16561r2024-08-09s2023-07-28v2522.39w2004-03-22yBKGRs. 2522.39